Statistics for Antonyms #2

Click here to take the quiz!

General Stats

  • This quiz has been taken 59 times
    (35 since last reset)
  • The average score is 12 of 14

Answer Stats

HintAnswer% Correct
topbottom
100%
hotcold
100%
friendenemy
100%
malefemale
100%
positivenegative
100%
drywet
100%
cleandirty
97%
lovehate
93%
hellogoodbye
90%
herbivorecarnivore
86%
firewater
86%
activepassive
69%
triumphdefeat
24%
aquaticterrestrial
21%

Score Distribution

Percentile by Number Answered

Percent of People with Each Score

Your Score History

You have not taken this quiz since the last reset